Frobenius algebras /
Guardado en:
| Autor Principal: | |
|---|---|
| Otros Autores: | |
| Formato: | Libro |
| Idioma: | English |
| Publicado: |
Zürich, Switzerland :
European Mathematical Society,
[2011]-
|
| Series: | EMS textbooks in mathematics
|
| Materias: | |
| Etiquetas: |
Agregar Etiqueta
Sin Etiquetas, Sea el primero en etiquetar este registro!
|
| LEADER | 01072cam a2200301 a 4500 | ||
|---|---|---|---|
| 001 | MAT.inmabb006732 | ||
| 008 | 120412m20119999sz#######b####001#0#eng#c | ||
| 005 | 20121108135633.0 | ||
| 245 | 1 | 0 | |a Frobenius algebras / |c Andrzej Skowronski, Kunio Yamagata. |
| 260 | |a Zürich, Switzerland : |b European Mathematical Society, |c [2011]- | ||
| 300 | |a volumes ; |c 24 cm. | ||
| 336 | |a text |2 rdacontent | ||
| 337 | |a unmediated |2 rdamedia | ||
| 338 | |a volume |2 rdacarrier | ||
| 490 | 1 | |a EMS textbooks in mathematics | |
| 504 | |a [volume] I. Incluye referencias bibliográficas (páginas [637]-643) e índice. | ||
| 505 | 2 | |a I. Basic Representation Theory | |
| 510 | 4 | |a MR, |c MR2894798 | |
| 020 | |a 9783037191026 | ||
| 020 | |a 3037191023 | ||
| 100 | 1 | |a Skowronski, Andrzej. | |
| 700 | 1 | |a Yamagata, Kunio. | |
| 830 | 0 | |a EMS textbooks in mathematics | |
| 650 | 0 | |a Frobenius algebras. | |
| 084 | |a 16-01 (16Dxx 16E30 16Gxx 16K20 16T05) |2 msc2010 | ||
| 010 | |a 2012360997 | ||
| 040 | |a BTCTA |b eng |c BTCTA |d YDXCP |d BWX |e rda |d STF |d DLC | ||
| 859 | |h 16 |i Sk628 |p A-8791 |v 1 |3 Vol. 1 |b BIB. MATEMATICA | ||
